00902nam a2200193Ia 4500003000400000005001700004008004100021040002100062041000800083082002600091110005500117245008800172260006100260300006700321505023700388650003300625650002000658650003000678OSt20200827112626.0191128s2008 ck ao fr f000 0 spa d aCO-JMCRcCO-JMCR0 aspa04a350.7232 /bC718c2231 aColombia.bContraloría General de la República10aControl fiscal para el bienestar social / cContraloría General de la República aBogotá : bSistema Nacional de Control Interno, c2008 a70 páginas : bfotografías y gráficos a color ; c24 cm.0 tGobernar bien, sin errores, amenazas ni corrupción / rJulio César Turbay QuinterotEl control fiscal de las transferencias: una tarea esencial / rRoberto Polo Hoyost¿Qué es el Sistema Nacional de Control Fiscal, Sinacof? /14aHerramientas control fiscal 14aControl fiscal 14aParticipación ciudadana